| 000 | 01626nam a22003135a 4500 | ||
|---|---|---|---|
| 003 | OSt | ||
| 005 | 20170207112625.0 | ||
| 008 | 160922s2016 ua frb 000 0 ara d | ||
| 015 | _a2016 / 8630 | ||
| 020 | _a9789770480847 | ||
| 040 |
_aEG-ScBUE _bara _cEG-ScBUE _dEG-ScBUE |
||
| 043 | _af-ua--- | ||
| 082 | 0 | 4 |
_a346.620435 _bح س ن _222 |
| 100 | 1 | _aحسن، حسنية حسين. | |
| 245 | 1 | 0 |
_aحقوق الارتفاق وتطبيقاتها المعاصرة : _bدراسة مقارنة بين القانون المدني والفقة الإسلامي / _cحسنية حسين حسن. |
| 260 |
_aالقاهرة : _bدار النهضة العربية، _c2016. |
||
| 300 |
_a698 ص. ؛ _c24 سم. |
||
| 500 | _aالأصل أطروحة (دكتوراه) - جامعة حاوان. كلية الحقوق. قسم القانون المدني، 2016. | ||
| 500 | _aلجنة الحكم على الرسالة : أسامة أبو الحسن مجاهد، عابد فايد عبد الفتاح، سعيد السيد قنديل، محمد وحيد محمد علي. | ||
| 504 | _aيشتمل على إرجاعات ببليوجرافية. | ||
| 650 | 7 |
_aالملكية العقارية (فقه إسلامي) _2BUEsh _940903 |
|
| 650 | 7 |
_aالملكية _xقوانين وتشريعات _zمصر. _2BUEsh _940901 |
|
| 650 | 7 |
_aالملكية العقارية _xقوانين وتشريعات _zمصر. _2BUEsh _940901 |
|
| 650 | 7 |
_aحق الانتفاع _xقوانين وتشريعات _zمصر. _2BUEsh |
|
| 650 | 7 |
_aحق الانتفاع (فقه إسلامي) _2BUEsh |
|
| 651 | _2BUEsh | ||
| 653 |
_bLLAAWW _cFebruary2017 |
||
| 942 | _2ddc | ||
| 999 |
_c24071 _d24043 |
||